[Event "Sparkassen-Open B"]
[Site "Heusenstamm, Martinsee"]
[Date "2023.11.24"]
[Round "3.1"]
[White "Burow, Roger"]
[Black "Huck, Robert"]
[Result "1-0"]
[WhiteElo "1570"]
[BlackElo "1781"]
[PlyCount "60"]
[EventDate "2023.??.??"]
[WhiteTeam "SV 1920 Kelsterbach"]
[BlackTeam "SC Königsspringer Alzenau e.V"]

1. e4 e5 2. Bc4 Nf6 3. d3 Nc6 4. Nc3 Bc5 5. Nf3 d6 6. a3 h6 7. Qe2 a6 8. Be3 Nd4 9. Bxd4 Bxd4 10. Nxd4 exd4 11. Nd5 O-O 12. h3 c6 13. Nxf6+ Qxf6 14. Qd2 b5 15. Ba2 Re8 16. O-O-O Be6 17. Bxe6 Qxe6 18. Kb1 a5 19. c3 b4 20. cxb4 axb4 21. Qxb4 c5 22. Qc4 Qd7 23. Rd2 Reb8 24. Qa2 Qa4 25. Ka1 Rb3 26. f3 Qb5 27. Rhd1 Rb8 28. Qb1 Ra8 29. Qa2 Ra4 30. f4 Qa5 1-0

[Event "Sparkassen-Open B"]
[Site "Heusenstamm, Martinsee"]
[Date "2023.11.24"]
[Round "3.2"]
[White "Barsov, Mikhail"]
[Black "Mönch, Dorothée"]
[Result "1-0"]
[WhiteElo "1405"]
[BlackElo "1736"]
[PlyCount "55"]
[EventDate "2023.??.??"]
[WhiteTeam "SK Gräfelfing"]
[BlackTeam "Sfr.Mainz 1928"]

1. c4 c5 2. Nc3 Nc6 3. g3 d6 4. Bg2 Bd7 5. e4 g6 6. Nge2 Bg7 7. d3 e6 8. O-O a6 9. Be3 Qb6 10. Qd2 h5 11. h4 Nge7 12. Rab1 e5 13. b4 Qa7 14. b5 Nd4 15. a4 b6 16. f4 f6 17. fxe5 dxe5 18. Nd5 Rf8 19. Nec3 Be6 20. bxa6 Bxd5 21. exd5 Nef5 22. Bxd4 Nxd4 23. Nb5 Qb8 24. d6 Kd7 25. Bxa8 Qxa8 26. Nxd4 cxd4 27. Rxb6 Rc8 28. Rb7+ 1-0

[Event "Sparkassen-Open B"]
[Site "Heusenstamm, Martinsee"]
[Date "2023.11.24"]
[Round "3.3"]
[White "Kuchta, Maksim"]
[Black "Steinbrenner, Peter"]
[Result "0-1"]
[WhiteElo "1415"]
[BlackElo "1718"]
[PlyCount "59"]
[EventDate "2023.??.??"]
[WhiteTeam "SC Heusenstamm"]
[BlackTeam "SG Kaiserslautern 1905"]

1. e4 c5 2. Nf3 d6 3. d4 cxd4 4. Nxd4 Nf6 5. Nc3 a6 6. f3 e5 7. Nb3 Be6 8. Be3 Be7 9. Qd2 h5 10. h4 Nbd7 11. O-O-O Rc8 12. f4 Rxc3 13. Qxc3 Nxe4 14. Qe1 Bg4 15. Rd3 O-O 16. Bd4 exd4 17. Qxe4 Nc5 18. Nxc5 dxc5 19. Be2 Bxe2 20. Qxe2 Qc7 21. g3 Bf6 22. Qxh5 c4 23. Rdd1 c3 24. Qf5 Qb6 25. bxc3 dxc3 26. Rd3 Qb2+ 27. Kd1 Qb1+ 28. Ke2 Qxh1 29. h5 Qg2+ 30. Ke3 0-1

[Event "Sparkassen-Open B"]
[Site "Heusenstamm, Martinsee"]
[Date "2023.11.24"]
[Round "3.4"]
[White "Niesel, Sebastian"]
[Black "Himmelspacht, Maxim"]
[Result "1/2-1/2"]
[WhiteElo "1355"]
[BlackElo "1574"]
[PlyCount "73"]
[EventDate "2023.??.??"]
[WhiteTeam "SV 1934 Ffm-Griesheim"]
[BlackTeam "SK 1858 Gießen"]

1. e4 e6 2. d4 d5 3. exd5 exd5 4. Bd3 Bd6 5. Nf3 Nf6 6. Bg5 O-O 7. O-O Bg4 8. Re1 c6 9. Nbd2 Nbd7 10. c3 Qc7 11. h3 Bh5 12. Qc2 Bg6 13. Re3 Bxd3 14. Qxd3 h6 15. Bxf6 Nxf6 16. Ne5 Nd7 17. Ndf3 Rfe8 18. Rae1 Nxe5 19. Nxe5 Re7 20. c4 dxc4 21. Nxc4 Rae8 22. Nxd6 Qxd6 23. Rxe7 Rxe7 24. Rxe7 Qxe7 25. Qe3 Kf8 26. Qxe7+ Kxe7 27. Kf1 Ke6 28. Ke2 Kd5 29. Kd3 a5 30. b3 b5 31. a3 f5 32. f4 g6 33. h4 h5 34. g3 Kd6 35. Kc3 Ke6 36. Kd2 Kd5 37. Kd3 1/2-1/2

[Event "Sparkassen-Open B"]
[Site "Heusenstamm, Martinsee"]
[Date "2023.11.24"]
[Round "3.5"]
[White "Fettig, Konrad"]
[Black "Haftmann, Rainer"]
[Result "0-1"]
[WhiteElo "1496"]
[BlackElo "1698"]
[PlyCount "86"]
[EventDate "2023.??.??"]
[WhiteTeam "SC ML Kastellaun"]
[BlackTeam "SAbt SG 1945 Dietzenbach"]

1. e4 e5 2. Nf3 Nc6 3. Bc4 Be7 4. d4 d6 5. dxe5 dxe5 6. Qxd8+ Bxd8 7. Be3 f6 8. Nc3 Nge7 9. O-O-O Na5 10. Bd5 c6 11. Bb3 Nxb3+ 12. axb3 Be6 13. h3 Bb6 14. Rd3 Bxe3+ 15. Rxe3 O-O-O 16. Rd1 Rxd1+ 17. Kxd1 Rd8+ 18. Ke2 g5 19. Rd3 Rxd3 20. Kxd3 Ng6 21. Ne2 h5 22. b4 b5 23. c3 Bc4+ 24. Ke3 Bxe2 25. Kxe2 Nf4+ 26. Kf1 Kc7 27. h4 g4 28. Ne1 Kb6 29. g3 Ne6 30. Nd3 a5 31. bxa5+ Kxa5 32. Ke2 c5 33. f4 exf4 34. gxf4 c4 35. Ne1 Nxf4+ 36. Ke3 Ne6 37. Nc2 Ka4 38. Nb4 Kb3 39. Nd5 Kxb2 40. Nxf6 Kxc3 41. Nxh5 b4 42. Ng3 b3 43. Ne2+ Kc2 0-1

[Event "Sparkassen-Open B"]
[Site "Heusenstamm, Martinsee"]
[Date "2023.11.24"]
[Round "3.6"]
[White "Köberl, Christiane"]
[Black "Glavev, Danail"]
[Result "1-0"]
[WhiteElo "1496"]
[BlackElo "1361"]
[PlyCount "85"]
[EventDate "2023.??.??"]
[WhiteTeam "SK Klingenberg"]
[BlackTeam "SK Bad Homburg 1927"]

1. d4 d5 2. Nf3 Nf6 3. e3 Bf5 4. c4 e6 5. Qb3 b6 6. Nc3 c5 7. cxd5 Nxd5 8. Bb5+ Ke7 9. Ne5 Qd6 10. O-O f6 11. Nc4 Qc7 12. Nxd5+ exd5 13. Nd2 c4 14. Qc3 Bd3 15. Re1 Nc6 16. e4 Kf7 17. a3 a6 18. Bxc6 Qxc6 19. exd5 Qxd5 20. b3 b5 21. bxc4 bxc4 22. Nf3 Rb8 23. Bf4 Rb3 24. Qc1 Qa5 25. Qe3 Bf5 26. Qe8+ Kg8 27. Bd6 h6 28. Qxf8+ Kh7 29. Qf7 Rc8 30. Re7 Rg8 31. Qxc4 Qb6 32. Bb4 Rd3 33. Qc5 Qxc5 34. Bxc5 Rb8 35. h3 Rbb3 36. Ra7 Bxh3 37. gxh3 Rxf3 38. Bf8 Rxh3 39. Rxg7+ Kh8 40. Rg6 Rhf3 41. Kg2 Kh7 42. Rxh6+ Kg8 43. Bc5 1-0

[Event "Sparkassen-Open B"]
[Site "Heusenstamm, Martinsee"]
[Date "2023.11.24"]
[Round "3.7"]
[White "Hensel, Roman"]
[Black "Gräßer, Malte"]
[Result "1-0"]
[WhiteElo "1474"]
[BlackElo "1462"]
[PlyCount "95"]
[EventDate "2023.??.??"]
[WhiteTeam "SV Oberursel"]
[BlackTeam "Sfr.Heidesheim"]

1. d4 d5 2. c4 e6 3. Nf3 Nf6 4. Nc3 c6 5. e3 Bd6 6. Be2 O-O 7. O-O Nbd7 8. b3 b6 9. Bb2 Qe7 10. Re1 Bb7 11. Bd3 c5 12. cxd5 exd5 13. dxc5 bxc5 14. Nb5 Bb8 15. Bf5 a6 16. Nc3 Bd6 17. Rc1 Rac8 18. Bxd7 Qxd7 19. Na4 Qd8 20. Re2 Re8 21. Rec2 Nd7 22. Nc3 Nb6 23. Ne2 h6 24. Ng3 Qc7 25. Nf5 Bf8 26. Ng3 Nd7 27. Ne1 Qb6 28. Nd3 Red8 29. Qg4 Qg6 30. Qxg6 fxg6 31. Nf4 Kf7 32. Rd2 Nf6 33. Nd3 Nd7 34. Ne2 Be7 35. Rdc2 h5 36. Ba3 a5 37. Bxc5 Nxc5 38. Nxc5 Bxc5 39. Rxc5 Ba6 40. Nf4 Bb7 41. Rxc8 Rxc8 42. Rxc8 Bxc8 43. Nxd5 Ke6 44. Nb6 Ba6 45. f4 h4 46. Kf2 Kf5 47. Nc4 a4 48. Nd2 1-0

[Event "Sparkassen-Open B"]
[Site "Heusenstamm, Martinsee"]
[Date "2023.11.24"]
[Round "3.8"]
[White "Weidemann, Max"]
[Black "Ghaznavi, Massoud"]
[Result "0-1"]
[WhiteElo "1488"]
[BlackElo "1563"]
[PlyCount "74"]
[EventDate "2023.??.??"]
[WhiteTeam "Vorw.Orient Mainz"]
[BlackTeam "SV Oberursel"]

1. d4 d5 2. c4 Nf6 3. cxd5 Qxd5 4. Nc3 Qd8 5. e4 e6 6. Nf3 h6 7. Bf4 a6 8. Bc4 Bb4 9. Qc2 Bd7 10. a3 Ba5 11. O-O O-O 12. Rad1 b5 13. Ba2 Bb6 14. Bb1 Nh5 15. Bxh6 f5 16. exf5 exf5 17. Bg5 Qe8 18. Ba2+ Kh8 19. Ne5 g6 20. Rfe1 Be6 21. d5 Bg8 22. Nc6 Qd7 23. Re7 Qd6 24. Nd4 Nd7 25. Ncxb5 axb5 26. Nxb5 Qc5 27. Qxc5 Nxc5 28. Nxc7 Rac8 29. Nb5 Ne4 30. Be3 Bxe3 31. fxe3 Rc2 32. Nd4 Rxb2 33. Bb3 Nhf6 34. a4 Nxd5 35. a5 Nxe3 36. Ra1 Rxg2+ 37. Kh1 Nf2# 0-1

[Event "Sparkassen-Open B"]
[Site "Heusenstamm, Martinsee"]
[Date "2023.11.24"]
[Round "3.9"]
[White "Michalski, Uwe"]
[Black "Pishnograev, Ilya"]
[Result "1-0"]
[WhiteElo "1677"]
[BlackElo "1300"]
[PlyCount "126"]
[EventDate "2023.??.??"]
[WhiteTeam "Sfr.Mainz 1928"]
[BlackTeam "SK Bad Homburg 1927"]

1. e4 e5 2. Bc4 Nc6 3. f4 d6 4. d3 Nf6 5. a4 Bg4 6. Qd2 Be6 7. Bxe6 fxe6 8. Nf3 h6 9. fxe5 dxe5 10. O-O Bc5+ 11. Kh1 O-O 12. Nc3 Nd7 13. Ne2 Qf6 14. c3 a5 15. Ng3 Rf7 16. Qe2 Raf8 17. Bd2 Qe7 18. Ng1 Rf2 19. Rxf2 Rxf2 20. Qe1 Rf7 21. Nh3 Qf8 22. Qe2 Nf6 23. Be3 Bxe3 24. Qxe3 Ng4 25. Qg1 b6 26. Rf1 Rxf1 27. Qxf1 Qc8 28. Qe2 Nf6 29. Nh5 Nxh5 30. Qxh5 Qf8 31. Kg1 Qc5+ 32. Kf1 Qd6 33. Ke2 Na7 34. g4 Qd8 35. g5 Qf8 36. gxh6 gxh6 37. Qxe5 Qd6 38. Qxd6 cxd6 39. Ke3 b5 40. axb5 Nxb5 41. Nf4 e5 42. Nd5 Kf7 43. Nb6 Kg6 44. c4 Nd4 45. Nc8 Nc2+ 46. Kd2 Nd4 47. Ke3 Nc2+ 48. Kf2 Nb4 49. Ke2 a4 50. Nxd6 Na2 51. Nb7 Nc1+ 52. Kd2 Nb3+ 53. Kc3 Kg5 54. Kb4 Kh4 55. Kxa4 Nc1 56. Nc5 Kh3 57. b4 Kxh2 58. b5 h5 59. b6 h4 60. b7 h3 61. b8=Q Kg1 62. Qxe5 h2 63. Qxh2+ Kxh2 1-0

[Event "Sparkassen-Open B"]
[Site "Heusenstamm, Martinsee"]
[Date "2023.11.24"]
[Round "3.10"]
[White "Steinke, Hans-Jörg"]
[Black "Müller, Jens"]
[Result "1-0"]
[WhiteElo "1701"]
[BlackElo "1497"]
[PlyCount "51"]
[EventDate "2023.??.??"]
[WhiteTeam "SV Erkenschwick 1923 e"]
[BlackTeam "SV 1920 Hofheim"]

1. d4 Nf6 2. c4 e6 3. Nf3 b6 4. g3 Bb7 5. Bg2 Be7 6. Nc3 d5 7. Ne5 O-O 8. O-O Nbd7 9. cxd5 exd5 10. Re1 c5 11. Bg5 cxd4 12. Nxd7 Qxd7 13. Qxd4 Bc5 14. Qd2 Qf5 15. Qf4 Bxf2+ 16. Kxf2 Ng4+ 17. Kg1 Qc8 18. Qd4 Qf5 19. Qf4 Qc8 20. h3 Qc5+ 21. e3 Nxe3 22. Rxe3 Rfe8 23. Rae1 f6 24. Bh4 Re7 25. Kh2 Rxe3 26. Qxe3 1-0

[Event "Sparkassen-Open B"]
[Site "Heusenstamm, Martinsee"]
[Date "2023.11.24"]
[Round "3.11"]
[White "Traut, Stefan"]
[Black "Reinhold, Günther"]
[Result "1/2-1/2"]
[WhiteElo "1557"]
[BlackElo "1665"]
[PlyCount "89"]
[EventDate "2023.??.??"]
[WhiteTeam "SF Heusenstamm"]
[BlackTeam "Sabt Frankfurter TV 1860"]

1. d4 Nf6 2. Nf3 e6 3. c4 c5 4. g3 cxd4 5. Nxd4 a6 6. Bg2 Qc7 7. Qc2 Bb4+ 8. Bd2 Be7 9. O-O O-O 10. e4 d6 11. b3 Bd7 12. Nc3 Nc6 13. Nxc6 Bxc6 14. Be3 Rac8 15. Rfd1 b5 16. Ne2 Qb7 17. f3 bxc4 18. bxc4 Bb5 19. Rab1 Rxc4 20. Qxc4 Rc8 21. Qb3 Qd7 22. Nd4 Ba4 23. Qd3 Bxd1 24. Rxd1 a5 25. Rc1 Rxc1+ 26. Bxc1 Qc7 27. Qc2 Qxc2 28. Nxc2 d5 29. exd5 Nxd5 30. Bb2 h5 31. f4 Nb6 32. Kf2 g6 33. Bd4 Nd7 34. Bc6 Nf6 35. Bxf6 Bxf6 36. Kf3 Kf8 37. a4 Ke7 38. Ne3 Kd6 39. Bb5 Bc3 40. Ke4 Ke7 41. Kd3 Bb4 42. Nc4 f6 43. Ke3 Bc5+ 44. Kf3 Bb4 45. h3 1/2-1/2

[Event "Sparkassen-Open B"]
[Site "Heusenstamm, Martinsee"]
[Date "2023.11.24"]
[Round "3.12"]
[White "Lasschuit, Rene"]
[Black "Plotnikow, Jewgeni"]
[Result "1-0"]
[WhiteElo "1614"]
[BlackElo "1507"]
[PlyCount "123"]
[EventDate "2023.??.??"]
[WhiteTeam "SV Berolina Mitte e.V."]
[BlackTeam "SK Gründau"]

1. Nf3 d5 2. g3 Nf6 3. Bg2 Nc6 4. d4 Bf5 5. O-O e6 6. c4 Be7 7. cxd5 Nxd5 8. Re1 Ndb4 9. e4 Bg4 10. Be3 O-O 11. a3 Na6 12. b4 b5 13. Nc3 Rb8 14. Rc1 Qd7 15. h3 Bh5 16. g4 Bg6 17. d5 Nd8 18. Ne5 Qd6 19. Bf4 exd5 20. Nxg6 Qxg6 21. Nxd5 Bg5 22. Bxg5 Qxg5 23. Nxc7 Nxc7 24. Rxc7 a6 25. Qd6 Ne6 26. Ra7 h5 27. Qg3 Ra8 28. Rxa8 Rxa8 29. Rd1 Nf4 30. Qf3 hxg4 31. Qxg4 Qxg4 32. hxg4 Kf8 33. e5 Re8 34. Rd6 Rxe5 35. Rxa6 Re1+ 36. Kh2 Re2 37. Kg3 Nd3 38. Bc6 g5 39. Bxb5 Rd2 40. Rd6 Nxf2 41. Rxd2 Ne4+ 42. Kf3 Nxd2+ 43. Ke3 Nb1 44. a4 Nc3 45. Bc6 Ke7 46. Kd4 Nd1 47. a5 Kd6 48. b5 Kc7 49. a6 Kb6 50. Ke5 Ne3 51. Bf3 Nc4+ 52. Kf6 Nd6 53. Bc6 Nc4 54. Kxg5 Ne5 55. Kf5 f6 56. Kxf6 Nxg4+ 57. Ke6 Ne3 58. Kd7 Nc2 59. Kc8 Nb4 60. Bb7 Nd3 61. Kb8 Nc5 62. Bc8 1-0

[Event "Sparkassen-Open B"]
[Site "Heusenstamm, Martinsee"]
[Date "2023.11.24"]
[Round "3.13"]
[White "Kupke, Jonas"]
[Black "Henzelmann, Matthias"]
[Result "0-1"]
[WhiteElo "1438"]
[BlackElo "1469"]
[PlyCount "48"]
[EventDate "2023.??.??"]
[WhiteTeam "Wiesbadener SV 1885"]
[BlackTeam "SC Heuchelheim"]

1. e4 c5 2. d4 cxd4 3. c3 dxc3 4. Nxc3 e6 5. Nf3 Nc6 6. Bc4 Be7 7. O-O a6 8. Qe2 Qc7 9. Rd1 d6 10. Bf4 Nf6 11. e5 dxe5 12. Nxe5 Nxe5 13. Bxe5 Qc6 14. Rac1 Bd7 15. Bxf6 Bxf6 16. Nd5 Rc8 17. Nxf6+ gxf6 18. Qg4 Ke7 19. Be2 Qxc1 20. Rxc1 Rxc1+ 21. Bd1 Rd8 22. Qb4+ Ke8 23. Qe1 Bc6 24. Ba4 Rxe1# 0-1

[Event "Sparkassen-Open B"]
[Site "Heusenstamm, Martinsee"]
[Date "2023.11.24"]
[Round "3.14"]
[White "Chiokadze, Barbare"]
[Black "Welther, Patrick"]
[Result "0-1"]
[WhiteElo "1151"]
[BlackElo "1420"]
[PlyCount "88"]
[EventDate "2023.??.??"]
[WhiteTeam "Wachtang Qarseladze"]
[BlackTeam "SC 1934 Gelnhausen"]

1. d4 Nf6 2. c4 e5 3. d5 Bc5 4. Bd2 Qe7 5. Nc3 O-O 6. e3 d6 7. Bd3 e4 8. Bc2 Bg4 9. Qb1 Re8 10. a4 Na6 11. a5 Bb4 12. Ba4 Bd7 13. Bxd7 Nxd7 14. Nge2 Ndc5 15. Nc1 Qh4 16. O-O Re5 17. f4 Rh5 18. h3 f5 19. Be1 Qe7 20. Qc2 Rf8 21. Qe2 Rh6 22. Nb5 Bxe1 23. Qxe1 Nd3 24. Nxd3 exd3 25. Qd2 Nc5 26. Ra3 a6 27. Nd4 Rg6 28. b4 Ne4 29. Qxd3 Rg3 30. Ne6 Rf6 31. Kh2 Rfg6 32. Ra2 Qh4 33. Rg1 Rh6 34. Qf1 Rxe3 35. Nxc7 Rb3 36. b5 Qg3+ 37. Kh1 Qe3 38. b6 Ng3+ 39. Kh2 Nxf1+ 40. Rxf1 Rxh3+ 41. gxh3 Qxh3+ 42. Kg1 Rg3+ 43. Kf2 Rf3+ 44. Kg1 Rxf1# 0-1

[Event "Sparkassen-Open B"]
[Site "Heusenstamm, Martinsee"]
[Date "2023.11.24"]
[Round "3.16"]
[White "Klein, Raphael"]
[Black "Papadopoulos, Kyriakos"]
[Result "1-0"]
[WhiteElo "1458"]
[BlackElo "1482"]
[PlyCount "77"]
[EventDate "2023.??.??"]
[WhiteTeam "SV 1926 Riegelsberg"]
[BlackTeam "VSG 1880 Offenbach"]

1. d4 d5 2. Nf3 Nf6 3. g3 e6 4. Bg2 c5 5. c4 Nc6 6. cxd5 exd5 7. Nc3 Be6 8. Bg5 h6 9. Be3 cxd4 10. Nxd4 Bb4 11. O-O O-O 12. Rc1 Qd7 13. Qb3 Ba5 14. Rfd1 Rfd8 15. Na4 Nxd4 16. Bxd4 Ne4 17. Nc5 Nxc5 18. Bxc5 a6 19. Bd4 b5 20. Qa3 Bc7 21. Qc3 Rac8 22. Qd2 Rb8 23. b4 Bb6 24. Rc2 Rb7 25. Rdc1 Rdb8 26. a3 Bf5 27. Rc3 Ba7 28. Qf4 Re8 29. Rc7 Rxc7 30. Rxc7 Bb8 31. Rxd7 Bxf4 32. Rxd5 Be6 33. Rc5 Bb8 34. Rc6 Bc8 35. e3 g6 36. Bd5 Rd8 37. Rxg6+ Kf8 38. Bc5+ Ke8 39. Bc6+ 1-0

[Event "Sparkassen-Open B"]
[Site "Heusenstamm, Martinsee"]
[Date "2023.11.24"]
[Time "15:30:00"]
[Round "3.17"]
[PlyCount "119"]
[White "Karres, David Tobias"]
[Black "Bardorz, Christoph"]
[Result "1-0"]
[WhiteElo "1450"]
[BlackElo "1713"]
[WhiteTeam "SF Heidelberg"]
[BlackTeam "TSV 1869 Rottendorf"]

1. e4 e5 2. Nc3 Nf6 3. f4 d5 4. fxe5 Nxe4 5. Qf3 Nxc3 6. bxc3 Be6 7. d4 Be7 8. Ne2 O-O 9. Nf4 Qd7 10. Be2 f6 11. Nxe6 Qxe6 12. Qg3 fxe5 13. Bg4 Qg6 14. Bf3 Qxg3+ 15. hxg3 e4 16. Bg4 c6 17. Bf4 Rd8 18. O-O-O Bd6 19. Be6+ Kh8 20. Bf5 Bxf4+ 21. gxf4 h6 22. g4 Kg8 23. Rdg1 Kf7 24. g5 hxg5 25. Rxg5 Na6 26. Rhg1 Rab8 27. Rxg7+ Kf8 28. Bd7 Nc7 29. Rh7 Ne8 30. Bxe8 Rxe8 31. Rgg7 Re6 32. Kd2 Rh6 33. Ke3 Rxh7 34. Rxh7 Kg8 35. Rc7 Kh8 36. c4 Rg8 37. cxd5 cxd5 38. Rxb7 Rg3+ 39. Kf2 Ra3 40. Rd7 Rxa2 41. Rxd5 Rxc2+ 42. Ke3 Rc7 43. Kxe4 Kg7 44. Ra5 Kf7 45. d5 Re7+ 46. Kf5 Ke8 47. d6 Rh7 48. Ke5 Rh5+ 49. f5 Rh7 50. Kd5 Rf7 51. Kc6 Kd8 52. f6 Kc8 53. Rh5 Rf8 54. Rh7 Kb8 55. Rb7+ Ka8 56. f7 a5 57. Re7 a4 58. Re8+ Ka7 59. Rxf8 a3 60. Rh8 
1-0

[Event "Sparkassen-Open B"]
[Site "Heusenstamm, Martinsee"]
[Date "2023.11.24"]
[Round "3.18"]
[White "Bauer, Ottmar"]
[Black "Naghizade, Farid"]
[Result "1/2-1/2"]
[WhiteElo "1713"]
[BlackElo "1468"]
[PlyCount "63"]
[EventDate "2023.??.??"]
[WhiteTeam "TSV 1869 Rottendorf"]
[BlackTeam "SC Heusenstamm"]

1. e4 e5 2. Nf3 Nc6 3. Bb5 d6 4. d4 Bd7 5. Nc3 exd4 6. Nxd4 Ne5 7. Bxd7+ Qxd7 8. O-O Nf6 9. h3 g6 10. f4 Nc6 11. Be3 h5 12. Qf3 Bg7 13. Rad1 O-O 14. Nxc6 Qxc6 15. Bd4 Ne8 16. Qd3 Bxd4+ 17. Qxd4 Ng7 18. Nd5 Qxc2 19. Rc1 c5 20. Nf6+ Kh8 21. Qxd6 Qxb2 22. Rb1 Qxa2 23. Rxb7 Qe6 24. Rd1 Qxd6 25. Rxd6 Ne8 26. Nxe8 Raxe8 27. e5 a5 28. Rc6 Rc8 29. Rbc7 Rxc7 30. Rxc7 Kg7 31. Rxc5 Ra8 32. Rc3 1/2-1/2

[Event "Sparkassen-Open B"]
[Site "Heusenstamm, Martinsee"]
[Date "2023.11.24"]
[Round "3.19"]
[White "Schmidt, Moritz"]
[Black "Ahrens, Gunnar"]
[Result "0-1"]
[WhiteElo "1453"]
[BlackElo "1661"]
[PlyCount "94"]
[EventDate "2023.??.??"]
[WhiteTeam "SV 1920 Plettenbe"]
[BlackTeam "Delmenhorster SK V 1931"]

1. e4 Nc6 2. Nf3 d5 3. exd5 Qxd5 4. Nc3 Qd6 5. Bc4 Bf5 6. d3 e6 7. Nb5 Qd7 8. Bf4 Bd6 9. Nxd6+ cxd6 10. Qd2 Nge7 11. d4 d5 12. Bb5 a6 13. Ne5 Qc8 14. Be2 O-O 15. g4 Bg6 16. h4 Nxe5 17. dxe5 d4 18. h5 Qc6 19. f3 Bxc2 20. Rc1 d3 21. Rh3 Rad8 22. Bxd3 Rxd3 23. Qxc2 Rfd8 24. Bg5 Qxc2 25. Rxc2 Kf8 26. Rd2 Ke8 27. Ke2 R3d5 28. Rxd5 Rxd5 29. Bxe7 Rxe5+ 30. Kd3 Rd5+ 31. Ke3 Kxe7 32. Rh2 h6 33. Kf4 f6 34. Rc2 Kd7 35. Rf2 Kd6 36. a3 b5 37. Re2 f5 38. g5 Rd4+ 39. Ke3 e5 40. g6 Kd5 41. Rc2 f4+ 42. Ke2 Ke6 43. Rc7 Rd7 44. Rxd7 Kxd7 45. Kd3 Kd6 46. b3 Kd5 47. b4 e4+ 0-1

[Event "Sparkassen-Open B"]
[Site "Heusenstamm, Martinsee"]
[Date "2023.11.24"]
[Round "3.20"]
[White "Heller, Holger"]
[Black "Homfeldt, Maren"]
[Result "1-0"]
[WhiteElo "1547"]
[BlackElo "1076"]
[PlyCount "101"]
[EventDate "2023.??.??"]
[WhiteTeam "SAbt TuS Dotzheim"]
[BlackTeam "SC Noris-Tarrasch Nürnberg 1873"]

1. d4 e6 2. c4 b6 3. Nf3 Nc6 4. d5 exd5 5. cxd5 Na5 6. e4 Bb4+ 7. Bd2 Bxd2+ 8. Nbxd2 Qf6 9. b4 Nb7 10. Rc1 c6 11. Bc4 c5 12. Qb3 a6 13. O-O cxb4 14. Qxb4 a5 15. Qb5 Nc5 16. e5 Qd8 17. e6 fxe6 18. dxe6 Ne7 19. Ng5 O-O 20. exd7+ Kh8 21. dxc8=Q Rxc8 22. Nf7+ Rxf7 23. Bxf7 Nf5 24. Rfe1 Nd6 25. Qe2 Nxf7 26. Nb3 Nd6 27. Nxc5 bxc5 28. Rcd1 Rc6 29. Qe7 Qxe7 30. Rxe7 h6 31. Re6 Nb5 32. Rxc6 Nc3 33. Rd8+ Kh7 34. Rxc5 Ne2+ 35. Kf1 Nf4 36. Rxa5 h5 37. Ra7 Ne6 38. Rdd7 h4 39. a4 Kg6 40. Rd6 Kf5 41. Rxe6 Kxe6 42. Rxg7 Kf6 43. Rh7 Kg5 44. f4+ Kg4 45. h3+ Kg3 46. f5 Kh2 47. Rxh4 Kg3 48. Rc4 Kh2 49. Kf2 Kh1 50. Kg3 Kg1 51. Rc1# 1-0

[Event "Sparkassen-Open B"]
[Site "Heusenstamm, Martinsee"]
[Date "2023.11.24"]
[Round "3.21"]
[White "Maibaum, Harry"]
[Black "Hübner, Kai"]
[Result "0-1"]
[WhiteElo "1450"]
[BlackElo "1608"]
[PlyCount "44"]
[EventDate "2023.??.??"]
[WhiteTeam "Sfr.Heimersheim"]
[BlackTeam "SC Flörsheim 1921"]

1. d4 f5 2. Nc3 Nf6 3. Bf4 e6 4. e3 b6 5. Bd3 Bb7 6. f3 Bb4 7. Nge2 d5 8. a3 Bd6 9. Qd2 c5 10. Bxd6 Qxd6 11. Nb5 Qd7 12. c4 a6 13. Nbc3 O-O 14. O-O Nc6 15. b3 dxc4 16. bxc4 cxd4 17. exd4 Nxd4 18. Rab1 Rad8 19. Rfd1 Bxf3 20. Nxd4 Qxd4+ 21. Kh1 Bxd1 22. Rxd1 Ne4 0-1

[Event "Sparkassen-Open B"]
[Site "Heusenstamm, Martinsee"]
[Date "2023.11.24"]
[Round "3.22"]
[White "Bengsch, Norbert"]
[Black "Moldenhauer, Nils"]
[Result "0-1"]
[WhiteElo "1604"]
[BlackElo "1453"]
[PlyCount "52"]
[EventDate "2023.??.??"]
[WhiteTeam "SG Donautal Tuttlingen"]
[BlackTeam "SV Oberursel"]

1. e4 e5 2. Nf3 Nc6 3. c3 Nf6 4. d4 exd4 5. e5 Nd5 6. Qb3 Nb6 7. cxd4 d5 8. Bb5 Bd7 9. O-O Be7 10. Bd2 O-O 11. a3 Re8 12. Bd3 Bg4 13. h3 Bxf3 14. Bxh7+ Kxh7 15. Qxf3 Kg8 16. Nc3 Nxd4 17. Qg3 Nf5 18. Qf4 Nh4 19. Qg4 Qc8 20. Qg3 Qf5 21. Rfd1 c6 22. b3 Nd7 23. Bh6 Qg6 24. Qxg6 Nxg6 25. Bd2 Ngxe5 26. Re1 Bf6 0-1

[Event "Sparkassen-Open B"]
[Site "Heusenstamm, Martinsee"]
[Date "2023.11.24"]
[Round "3.23"]
[White "Grünzig, Matthias"]
[Black "Fernandez Garcia, Alfonso Javier"]
[Result "1/2-1/2"]
[WhiteElo "1439"]
[BlackElo "1600"]
[PlyCount "46"]
[EventDate "2023.??.??"]
[WhiteTeam "FV Berkersheim"]
[BlackTeam "SV 1926 Neu-Isenburg"]

1. d4 Nf6 2. Bf4 g6 3. e3 Bg7 4. Be2 d6 5. Nf3 O-O 6. O-O Nbd7 7. h3 Re8 8. c3 c6 9. Nbd2 e5 10. dxe5 dxe5 11. Bg5 Qc7 12. Bh4 Nb6 13. Bg3 Nfd7 14. Nc4 Nxc4 15. Bxc4 b5 16. Be2 Qd8 17. c4 a6 18. Nd2 f5 19. Qc2 Qe7 20. cxb5 cxb5 21. Bf3 e4 22. Be2 Ne5 23. Rac1 Be6 1/2-1/2

[Event "Sparkassen-Open B"]
[Site "Heusenstamm, Martinsee"]
[Date "2023.11.24"]
[Round "3.24"]
[White "Lopez Fuertes, Victor"]
[Black "Joshi, Kanad"]
[Result "1/2-1/2"]
[WhiteElo "1614"]
[BlackElo "1412"]
[PlyCount "66"]
[EventDate "2023.??.??"]
[WhiteTeam "SC 1910 Höchst"]
[BlackTeam "SV Oberursel"]

1. e4 e5 2. Nf3 Nc6 3. d4 exd4 4. Nxd4 Bc5 5. Nxc6 bxc6 6. Nc3 d6 7. Bd3 Nf6 8. Bg5 h6 9. Bxf6 Qxf6 10. O-O Be6 11. Qe2 O-O 12. Kh1 Rad8 13. f4 Rfe8 14. a3 Bd4 15. Qd2 c5 16. Bb5 Bd7 17. Nd5 Qg6 18. Bxd7 Rxd7 19. c3 Bf6 20. e5 Be7 21. Rae1 Kf8 22. f5 Qg5 23. Qxg5 Bxg5 24. e6 Rdd8 25. e7+ Rxe7 26. Nxe7 Bxe7 27. Re2 Bf6 28. Rfe1 Be5 29. g3 f6 30. Kg2 d5 31. Kf3 c6 32. Re3 Kf7 33. h3 Rd7 1/2-1/2

[Event "Sparkassen-Open B"]
[Site "Heusenstamm, Martinsee"]
[Date "2023.11.24"]
[Round "3.25"]
[White "Weigand, Björn"]
[Black "de la Chevallerie, Gilbert"]
[Result "0-1"]
[WhiteElo "1389"]
[BlackElo "1552"]
[PlyCount "82"]
[EventDate "2023.??.??"]
[WhiteTeam "SV Frankfurt Nord 1926"]
[BlackTeam "SV 1920 Hofheim"]

1. d4 Nf6 2. Nc3 g6 3. e4 d6 4. Bf4 Bg7 5. Qd2 c6 6. Nf3 h6 7. O-O-O b5 8. Bd3 g5 9. Be3 Ng4 10. Rhe1 Nxe3 11. Qxe3 Qa5 12. Kb1 b4 13. Ne2 Be6 14. Nc1 Nd7 15. e5 d5 16. Nb3 Qb6 17. h3 a5 18. Nc5 Nxc5 19. dxc5 Qa7 20. Bf1 a4 21. g4 b3 22. a3 bxc2+ 23. Kxc2 Rb8 24. Qc3 Rb3 25. Qd4 Rxf3 26. Bg2 Rf4 27. Qe3 O-O 28. Kb1 Rb8 29. Rd3 Rb5 30. Rc1 Qb8 31. Qd2 Bxe5 32. Rc2 Rc4 33. b3 Rxb3+ 34. Rxb3 Qxb3+ 35. Kc1 Qxa3+ 36. Kd1 Rd4 37. Qxd4 Bxd4 38. Bf1 Qb3 39. Kc1 a3 40. Rd2 Qc3+ 41. Rc2 Qe1# 0-1

[Event "Sparkassen-Open B"]
[Site "Heusenstamm, Martinsee"]
[Date "2023.11.24"]
[Round "3.26"]
[White "Plaumann, Finja"]
[Black "Fettig, Michel"]
[Result "0-1"]
[WhiteElo "1260"]
[BlackElo "1469"]
[PlyCount "58"]
[EventDate "2023.??.??"]
[WhiteTeam "Sfr.Heidesheim"]
[BlackTeam "SC ML Kastellaun"]

1. d4 Nf6 2. c4 c6 3. Nc3 d5 4. e3 e6 5. Nf3 Bd6 6. Be2 Nbd7 7. O-O dxc4 8. Bxc4 b5 9. Bd3 a6 10. b3 O-O 11. Ne4 Nxe4 12. Bxe4 Bb7 13. Qc2 Nf6 14. Bxc6 Rc8 15. Ne5 Bxe5 16. dxe5 Rxc6 17. Qe2 Nd5 18. Bb2 Qc7 19. Rac1 Rc8 20. Rxc6 Qxc6 21. f3 Qc2 22. Qxc2 Rxc2 23. e4 Rxb2 24. exd5 Bxd5 25. Rc1 g6 26. a4 Bxb3 27. axb5 axb5 28. Kf1 Bc4+ 29. Ke1 Rxg2 0-1